| 000 | 00573nam a2200181Ia 4500 | ||
|---|---|---|---|
| 008 | 100917s9999 xx 000 0 und d | ||
| 082 | _b15342 | ||
| 100 | _aलागू रामचंद्र अनंत | ||
| 245 | _aमहाराष्ट्राची इभ्रत | ||
| 260 |
_b--- _c1929 |
||
| 300 | _a127 | ||
| 365 | _b0.5 | ||
| 520 | _aइतिहास | ||
| 630 | _aमहाराष्ट्राची इभ्रत | ||
| 650 | _aइतिहास | ||
| 730 | _aमहाराष्ट्राची इभ्रत | ||
| 942 | _cBOOK | ||
| 999 |
_c620736 _d620733 |
||